Comentarios al nuevo Reglamento hipotecario / (Record no. 127076)

MARC details
000 -LEADER
campo de control de longitud fija 00604nam a2200169 4500
001 - NÚMERO DE CONTROL
campo de control 127076
003 - IDENTIFICADOR DE NÚMERO DE CONTROL
campo de control ES-MaACL
005 - FECHA Y HORA DE LA ÚLTIMA TRANSACCIÓN
campo de control 20230906192934.0
007 - CAMPO FIJO DE DESCRIPCIÓN FÍSICA--INFORMACIÓN GENERAL
campo de control de longitud fija t|
008 - DATOS DE LONGITUD FIJA--INFORMACIÓN GENERAL
campo de control de longitud fija 070214m19481949sp r ||||1| spa d
100 1# - ENTRADA PRINCIPAL--NOMBRE DE PERSONA
Nombre de persona Rica y Arenal, Ramón de la.
9 (RLIN) 96846
245 10 - MENCIÓN DEL TÍTULO
Título Comentarios al nuevo Reglamento hipotecario /
Mención de responsabilidad, etc. Ramón de la Rica y Arenal.
260 ## - PUBLICACIÓN, DISTRIBUCIÓN, ETC.
Lugar de publicación, distribución, etc. Madrid :
Nombre del editor, distribuidor, etc. Colegio Nacional de Registradores de la Propiedad de España,
Fecha de publicación, distribución, etc. 1948-49.
300 ## - DESCRIPCIÓN FÍSICA
Extensión 2 v. ;
Dimensiones 22 cm.
710 2# - ENTRADA AGREGADA--NOMBRE DE ENTIDAD CORPORATIVA
Nombre de entidad corporativa o nombre de jurisdicción como elemento de entrada Colegio de Registradores de la Propiedad y Mercantiles de España.
9 (RLIN) 2938
852 ## - LOCALIZACIÓN
Ubicación ES-MaACL
Número de control de estantería B-2231-32
Sublocalización o colección R.26962
Holdings
Estatus retirado Estado de pérdida Estado de daño No para préstamo Biblioteca de origen Biblioteca actual Ubicación en estantería Fecha de adquisición Fuente de adquisición Total de préstamos Signatura topográfica completa Código de barras Visto por última vez Precio de reemplazo Tipo de ítem Koha
        Biblioteca del Ateneo de Madrid Biblioteca del Ateneo de Madrid Sala Pardo Bazán 17/01/2008     B-2231-32 1132355 23/02/2023 23/02/2023 Libro impreso